<?xml version="1.0" encoding="UTF-8"?>
<marc:record xmlns:marc="http://www.loc.gov/MARC21/slim">
   <marc:leader>00000nam a2200000 a 4500</marc:leader>
   <marc:datafield ind1="1" ind2=" " tag="100">
      <marc:subfield code="a">Hein, Sybille</marc:subfield>
      <marc:subfield code="4">aut</marc:subfield>
      <marc:subfield code="e">Verfasser/-in</marc:subfield>
   </marc:datafield>
   <marc:datafield ind1="0" ind2="0" tag="245">
      <marc:subfield code="a">Fips, der kleine Nasenbär</marc:subfield>
   </marc:datafield>
   <marc:datafield ind1="0" ind2="0" tag="245">
      <marc:subfield code="c">Sybille Hein</marc:subfield>
   </marc:datafield>
   <marc:datafield ind1=" " ind2="1" tag="264">
      <marc:subfield code="a">Weinheim</marc:subfield>
      <marc:subfield code="b">Beltz &amp; Gelberg</marc:subfield>
      <marc:subfield code="c">2012</marc:subfield>
   </marc:datafield>
   <marc:datafield ind1="1" ind2=" " tag="520">
      <marc:subfield code="a">Angaben aus der Verlagsmeldung

Fips, der kleine Nasenbär : Vierfarbiges Bilderbuch / von Sybille Hein

Ein Nasenbär, der fliegen will? Warum nicht, meinen die Zootiere und unterstützen den wagemutigen Fips und seinen großen Traum vom Fliegen, jeder auf seine Weise ...

Wenn ein ganzer Zoo fest an etwas glaubt, dann können Wünsche wahr werden. Fips, der Nasenbär, möchte nach Hause fliegen, nach Südamerika – und da Sybille Hein ein Herz für Abenteurer hat, hilft sie ihm nach Kräften dabei. Bis Fips tatsächlich abhebt und der Leser vor Vergnügen gleich mit!
</marc:subfield>
   </marc:datafield>
   <marc:datafield ind1=" " ind2=" " tag="020">
      <marc:subfield code="a">9783407794543</marc:subfield>
      <marc:subfield code="9">9783407794543</marc:subfield>
   </marc:datafield>
   <marc:datafield ind1=" " ind2=" " tag="020">
      <marc:subfield code="a">3407794541</marc:subfield>
      <marc:subfield code="9">3407794541</marc:subfield>
   </marc:datafield>
   <marc:datafield ind1=" " ind2=" " tag="041">
      <marc:subfield code="a">ger</marc:subfield>
   </marc:datafield>
   <marc:datafield ind1=" " ind2=" " tag="300">
      <marc:subfield code="a">32] S.</marc:subfield>
   </marc:datafield>
</marc:record>
